Kreatívne účtovníctvo a forenzný audit – možnosti manipulácie účtovných dokladov diplomová práca

Saved in:
Bibliographic Details
Main Author: Slížiková, Lucia
Corporate Author: Národohospodárska fakulta EU. Katedra financií
Other Authors: Staríčková, Zuzana
Format: Book
Language:Slovak
Published: Bratislava 2017
Tags: Add Tag
No Tags, Be the first to tag this record!

MARC

LEADER 00000nbm a2200000 4500
001 0231886
005 20171127150645.5
041 0 |a slo 
044 |a SK 
245 1 0 |a Kreatívne účtovníctvo a forenzný audit – možnosti manipulácie účtovných dokladov  |b diplomová práca  |c Lucia Slížiková ; školiteľ: Zuzana Staríčková 
264 1 |a Bratislava  |c 2017 
300 |a 61 s. 
100 1 |a Slížiková, Lucia 
700 1 |a Staríčková, Zuzana 
710 2 |a Národohospodárska fakulta EU. Katedra financií